Právna úprava právnických osôb v Občianskom zákonníku.
Teoretická problematika vymedzenia pojmu, podstaty a povahy právnických osôb podľa platnej právnej úpravy Občianskeho zákonníka. Všeobecné črty právnej úpravy a možnosti vyjadrenia problematiky charakteristických znakov právnických osôb. Triedenie, vznik a zánik právnických osôb. Štát ako účastník o...
Gespeichert in:
| 1. Verfasser: | |
|---|---|
| Format: | Buchkapitel |
| Sprache: | Slowakisch |
| Schlagworte: | |
| Tags: |
Keine Tags, Fügen Sie das erste Tag hinzu!
|
MARC
| LEADER | 00000naa a2200000 4500 | ||
|---|---|---|---|
| 001 | r013728 | ||
| 005 | 20221205080327.2 | ||
| 041 | 0 | |a slo | |
| 044 | |a SK | ||
| 245 | 1 | 0 | |a Právna úprava právnických osôb v Občianskom zákonníku. |c J. Cirák |
| 520 | |a Teoretická problematika vymedzenia pojmu, podstaty a povahy právnických osôb podľa platnej právnej úpravy Občianskeho zákonníka. Všeobecné črty právnej úpravy a možnosti vyjadrenia problematiky charakteristických znakov právnických osôb. Triedenie, vznik a zánik právnických osôb. Štát ako účastník občiansko-právnych vzťahov. | ||
| 610 | 2 | 0 | |a osoby právnické |
| 610 | 2 | 0 | |a zákonník občiansky |
| 610 | 2 | 0 | |a Slovensko |
| 610 | 2 | 0 | |a pojmy |
| 610 | 2 | 0 | |a štát |
| 610 | 2 | 0 | |a právo občianske |
| 100 | 1 | |a Cirák, J. | |